01388nam a22002297a 4500003000500000008004100005020001800046040001400064041001300078082003100091100002300122245002700145300003700172336002700209337003300236338002900269505047900298942001400777952017500791952017500966999001701141BPGM260624b1989 mx ||||| |||| 001 0 spa d a968-6140-37-9 aBPGMbspa aspahspa04aCQ / 863M / bB364 / C57 / aBARRIENTOS, JAVIER aEL CIRCO DE DOS PISTAS a68 páginasc21.1 cm x 13.6 cm  2rdacontentatextobtxt 2rdamediaasin mediaciónbn 2rdacarrieravolumen bnc a"EL CIRCO DE DOS PISTAS" (O "EL CIRCO DE TRES PISTAS", DEPENDIENDO DE LA EDICIÓN O ENFOQUE DE LA ANALOGÍA) ES UNA DE LAS OBRAS MÁS DESTACADAS DEL ESCRITOR, ABOGADO Y JURISTA CHILENO JAVIER BARRIENTOS GRANDON. A DIFERENCIA DE LO QUE PODRÍA SUGERIR EL TÍTULO, NO ES UNA NOVELA DE FICCIÓN NI UNA HISTORIA INFANTIL; ES UN ENSAYO CRÍTICO E HISTORIOGRÁFICO PROFUNDO SOBRE LA EVOLUCIÓN DEL DERECHO, LA JUSTICIA Y LAS INSTITUCIONES JURÍDICAS EN HISPANOAMÉRICA. 2ddccCOLQ 00102ddc40728ESPQaBPCEFCbBPCEFCcSALA QUERÉTARO ACCESO B PLANTA ALTAd2026-06-24e DGBl0oCQ / 863M / B364 / C57 /r2026-06-24 20:12:10tEJ. 1w2026-06-24yCOLQ 00102ddc40728ESPQaBPCEFCbBPCEFCcSALA QUERÉTARO ACCESO B PLANTA ALTAd2026-06-24e DGBl0oCQ / 863M / B364 / C57 /r2026-06-24 20:12:10tEJ. 2w2026-06-24yCOLQ c68662d68662